00596 2200193 4500001002100000005001700021008004100038035002400079040001200103082001000115090001900125245007800144260005800222300003800280504001300318650002700331850001200358999003200370YOGYA-0612000000119320120620230548.0 ind  0010-061200000001191 aYOPDYOG a635.8 aDep 635.8bBah aBahan Ajar, kursus budidaya jamur tiram putihcpenyusun Bais Jajuli Sidiq aYogyakartabBalai Pengembangan kegiatan Belajarc2010 aIV, 105 hlmbilusc21 cm. (2 eks) ahlm. 105 aJamur tiram - Budidaya aYOPDYOG aCB-D.11 2010-2281 2010-2282